| 000 | 00890nam a2200325Ia 4500 | ||
|---|---|---|---|
| 001 | 4170 | ||
| 005 | 20240113233718.0 | ||
| 007 | ta | ||
| 008 | 180901s1990 ii a g b000 u asm u | ||
| 020 | _cRs. 40.00 (HB) | ||
| 040 | _aCotton College,Assam | ||
| 041 | _aasm | ||
| 082 |
_a891.41408 _bTh 14 An |
||
| 100 | _aTalukdar, Nanda . | ||
| 245 | 0 |
_aAnandaram Dhekial Phookanar Rachana Sangrah / _cNanda Talukdar. _hTextual Documents |
|
| 250 | _a2nd ed. / | ||
| 260 |
_aGuwahati : _bLawyer`s book stall , _c1990. |
||
| 300 |
_a151p. : _bill. ; _c22cm . |
||
| 365 | _aRs. 40.00 | ||
| 653 | _aAssamese Literature-Collections | ||
| 653 | _aDhekial Phookan, Anandaram-Collections | ||
| 653 | _aPG-Assamese | ||
| 942 |
_2ddc _cBK |
||
| 999 |
_c4157 _d4157 |
||